Dinozaury-Quiz - Statystyki

Ogólne statystyki
  • Ten quiz został rozwiązany 482 razy
  • Średni wynik to 8 z 15
Statystyki odpowiedzi
Zagadnienie Odpowiedź % Poprawnych
Który z tych dinozaurów był roślinożerny? Brachiozaur
89%
Który z nich nie jest dinozaurem? Quetzalcoatl
89%
Którego z dinozaurów dieta opierała się głównie na rybach? Spinozaur
89%
Jaki dinozaur mógł spotkać się z Triceratopsem Tyranozaur
68%
Który z wymienionych zauropodów był największy? Argentynozaur
65%
Czym był Tyranozaur? Teropodem
61%
Który z tych gadów to teropod? Allozaur
59%
W którym okresie geologicznym żył dinozaur Tyrannosaurus rex? Kreda
59%
Który z nich jest dinozaurem? Suchomimus
58%
Która z tych czterech er była pierwsza? Perm
57%
Na terenie którego kontynentu występowały Velociraptory? Azja
40%
Który z tych dinozaurów jest najmniejszy? Fruitadens
38%
Który z tych dinozaurów został poprawnie paleontologicznie odwzorowany w filmie Jurassic Park III? Kompsognat
35%
Który z tych gadów pochodził z Chin? Belluzaur
25%
Który dinozaur pochodzi z czasów kredy? Bambiraptor
16%
Nie znaleziono quizów pasujących do podanych kryteriów
Rozkład punktacji
Procent ludzi z każdym wynikiem
Percentyl według liczby udzielonych odpowiedzi
Twoja historia wyników
Nie rozwiązałeś tego quizu